| 000 | 00505nam a22001457a 4500 | ||
|---|---|---|---|
| 005 | 20240314134924.0 | ||
| 008 | 240314b ||||| |||| 00| 0 eng d | ||
| 040 | _cAL | ||
| 041 | _aEnglish | ||
| 082 |
_223 _a622.341 _bOPER |
||
| 100 |
_aFrancis Fernandes _9154283 |
||
| 245 |
_aOperation of Large Scale Industry : A Case Study of Production Process and Personnel Management Practice in Kudremukh Iron Ore Company Limited Mangalore _b |
||
| 650 |
_aProject Report 1992-1995 _9154282 |
||
| 942 |
_2ddc _cPRO |
||
| 999 |
_c230325 _d230325 |
||